Living at the Wall : Studies in honor of Mark Lehner /

محفوظ في:

المؤلف الرئيسي: Bárta, Miroslav.

مؤلف مشترك: Megahed, Mohamed.

مؤلفون آخرون: Hawass, Zahi A.

التنسيق: كتاب

اللغة: English

منشور في: Prague : Charles University, Faculty of Arts, 2024.

الموضوعات:

الوسوم: إضافة وسم

لا توجد وسوم, كن أول من يضع وسما على هذه التسجيلة!

رقم الطلب: DT83 .L45 2024

LEADER 00721nam a22002417a 4500
003 OSt
005 20260112082734.0
008 261012t2024 xr a 010 0 eng d
020 |a 9788076711648 
040 |c ARCE Library 
050 1 4 |a DT83  |b .L45 2024 
100 1 |a Bárta, Miroslav. 
245 1 0 |a  Living at the Wall :   |b Studies in honor of Mark Lehner /   |c Miroslav Bárta 
264 1 |a Prague :   |b Charles University, Faculty of Arts,   |c 2024. 
300 |a 493 Pages :   |b illustrations ;   |c 27 cm. 
500 |a Mélanges et hommages 
650 0 |a Egyptology   |z Egypt. 
651 0 |a Egypt   |x Pyramides. 
700 1 |a Hawass, Zahi A. 
710 1 |a Megahed, Mohamed. 
901 |a reviewed 
942 |2 lcc  |c BK 
999 |c 60712  |d 60712